The Territories and states of India 2011.
| Format: | Book |
|---|---|
| Published: |
London:
Routledge,
2011.
|
| Edition: | 2nd ed.. |
| Subjects: |
| LEADER | 00547cam a2200181 7i4500 | ||
|---|---|---|---|
| 001 | 0000027347 | ||
| 005 | 20120127090000.0 | ||
| 020 | 0 | 0 | |a 9781857435788 |
| 090 | 0 | 0 | |a INDA 954 |b TER |
| 245 | 0 | 0 | |a The Territories and states of India 2011. |
| 250 | 0 | 0 | |a 2nd ed.. |
| 260 | 0 | 0 | |a London: |b Routledge, |c 2011. |
| 300 | # | # | |a 392p. |
| 650 | 0 | 0 | |a India -- |x History |
| 650 | 0 | 0 | |a India -- |x Territories and possessions |
| 650 | 0 | 0 | |a India -- |x Territories and possessions -- |x History |
| 651 | 0 | 0 | |a India |
| 999 | |a B000029974 |b Book |c Countries |e Business Information Centre | ||


